| 000 | 00353cam a22001337a 4500 | ||
|---|---|---|---|
| 008 | 180718b1942 xxu||||| |||| 00| 0 eng d | ||
| 082 | _aB11x54 D26 | ||
| 100 | _aDas, R.K. | ||
| 245 |
_aIndia and a new civilisation _cby Rajini Kant Das |
||
| 260 |
_aCalcutta _b _c1942 |
||
| 300 | _axxxvi, 11p | ||
| 650 | _aCulture- India | ||
| 650 | _aCivilization-India | ||
| 999 |
_c408144 _d408144 |
||